Taylor Swift mystery lyrics #46 - Statistics

General Stats
  • This quiz has been taken 57 times
    52 since last reset
  • The average score is 254 of 292
Answer Stats
Answer % Correct
do
100%
I
100%
is
100%
it
100%
me
100%
that
100%
the
100%
The
100%
All
97%
all
97%
and
97%
And
97%
in
97%
its
97%
my
97%
My
97%
say
97%
This
97%
this
97%
to
97%
you
97%
your
97%
Your
97%
be
95%
don't
95%
go
95%
I'm
95%
love
95%
when
95%
who
95%
Have
92%
have
92%
meet
92%
was
92%
we
92%
can
89%
enchanted
89%
if
89%
let
89%
Not
89%
on
89%
There
89%
where
89%
again
87%
enchanting
87%
night
87%
of
87%
way
87%
wonder
87%
home
84%
I'll
84%
were
84%
wonderstruck
84%
at
82%
back
82%
else
82%
eyes
82%
forever
82%
knew
82%
like
82%
Please
82%
see
82%
somebody
82%
someone
82%
sparklin'
82%
very
82%
waiting
82%
with
82%
would
82%
2
79%
A.M.
79%
I'd
79%
make
79%
met
79%
now
79%
saw
79%
smiles
79%
tonight
79%
up
79%
whispered
79%
wonderin'
79%
alone
76%
awake
76%
face
76%
faking
76%
first
76%
know
76%
old
76%
Same
76%
silhouette
76%
spend
76%
too
76%
wide
76%
are
74%
dancing
74%
door
74%
forcing
74%
laughter
74%
name
74%
question
74%
starts
74%
until
74%
echo
71%
ends
71%
forth
71%
lonely
71%
pacing
71%
page
71%
place
71%
quick
71%
remarks
71%
thoughts
71%
tired
71%
Walls
71%
will
71%
Wishing
71%
around
68%
as
68%
insincerity
68%
kept
68%
lingering
68%
open
68%
room
68%
secrecy
68%
storyline
68%
vanished
68%
Across
66%
conversation
66%
flawless
66%
Hey
66%
notes
66%
praying
66%
These
66%
vacancy
66%
blushin'
63%
Counter
63%
passing
63%
'til
63%
words
63%
held
61%
leaving
61%
Shifting
61%
soon
61%
playful
58%
No matching quizzes found
Score Distribution
Percent of People with Each Score
Percentile by Number Answered
Your Score History
You have not taken this quiz since the last reset